000 00376nam a2200121Ia 4500
008 210430s9999 xx 000 0 und d
082 _a515 T 449 T
100 _aGeroge B Thomas, Maurice D Weir, Joel Hass, Frank R Giordano
_9127701
245 _aThomas Calculus /
_cGeorg B.Thomas jr
250 _a11th edition
260 _aDelhi
_bPearson Education
_c2008
942 _cBK
_2ddc
999 _c563679
_d563679